The ASHRAE guide for buildings in hot and humid climates / (Record no. 599500)

000 -LEADER
fixed length control field 00370nam a2200109Ia 4500
008 - FIXED-LENGTH DATA ELEMENTS--GENERAL INFORMATION
fixed length control field 230907s9999||||xx |||||||||||||| ||und||
082 ## - DEWEY DECIMAL CLASSIFICATION NUMBER
Classification number 697.93
Author Mark HAR
245 #4 - TITLE STATEMENT
Title The ASHRAE guide for buildings in hot and humid climates /
260 ## - PUBLICATION, DISTRIBUTION, ETC.
Place of publication, distribution, etc. American Society of Heating, Refrigerating, and Air-Conditioning Engineers,
Name of publisher, distributor, etc. Atlanta, GA :
Date of publication, distribution, etc. 2009
300 ## - PHYSICAL DESCRIPTION
Extent 316 p. :
942 ## - ADDED ENTRY ELEMENTS (KOHA)
Koha item type Book
Holdings
Withdrawn status Lost status Damaged status Not for loan Permanent Location Current Location Date acquired Total Checkouts Full call number Barcode Date last seen Price effective from Koha item type
        US-Pakistan Center for Advanced Studies in Energy (USPCAS-E) US-Pakistan Center for Advanced Studies in Energy (USPCAS-E) 10/03/2019   697.93 HAR CAS-E0003599 09/12/2023 09/12/2023 Book
© 2023 Central Library, National University of Sciences and Technology. All Rights Reserved.